Podvojné účtovníctvo s komentárom zákon o účtovníctve

Gespeichert in:
Bibliographische Detailangaben
1. Verfasser: Novotná, Ľudmila
Format: Buch
Sprache:Slowakisch
Veröffentlicht: Žilina Poradca 2021
Schlagworte:
Tags: Tag hinzufügen
Keine Tags, Fügen Sie das erste Tag hinzu!

MARC

LEADER 00000nam a2200000 4500
001 0279839
005 20240416114143.6
020 |a 978-80-8162-198-7 
041 0 |a slo 
044 |a SK 
245 1 0 |a Podvojné účtovníctvo s komentárom  |b zákon o účtovníctve  |c Ľudmila Novotná 
264 1 |a Žilina  |b Poradca  |c 2021 
300 |a 448 s. 
610 2 0 |a účtovníctvo podvojné 
610 2 0 |a komentáre 
610 2 0 |a zákony 
610 2 0 |a postupy účtovné 
610 2 0 |a závierka účtovná 
610 2 0 |a registre 
610 2 0 |a oceňovanie 
610 2 0 |a inventarizácia 
610 2 0 |a dokumentácia účtovná 
610 2 0 |a osnova účtová 
100 1 |a Novotná, Ľudmila